Online
Catalog

Los santos van al infierno / (Record no. 25507)

MARC details
000 -CABECERA
campo de control de longitud fija 00822nam a2200241 a 4500
001 - NÚMERO DE CONTROL
campo de control 000026015
005 - FECHA Y HORA DE LA ÚLTIMA TRANSACCIÓN
campo de control 20200930024230.0
008 - DATOS DE LONGITUD FIJA--INFORMACIÓN GENERAL
campo de control de longitud fija 110225s1965 sp r 000 f spa d
040 ## - FUENTE DE LA CATALOGACIÓN
Centro catalogador/agencia de origen DO-SdBNP
Lengua de catalogación spa
Centro/agencia transcriptor BNPHU
041 17 - CÓDIGO DE LENGUA
Código de lengua del texto/banda sonora o título independiente esp
Código de lengua original fre
Fuente del código Código de idioma MARC
082 ## - NÚMERO DE LA CLASIFICACIÓN DECIMAL DEWEY
Número de clasificación NNN
Número de documento/Ítem C421s, 1965
049 ## - FONDOS LOCALES (OCLC)
Fondos de biblioteca BNGR
100 1# - ENTRADA PRINCIPAL--NOMBRE DE PERSONA
Nombre de persona Cesbron, Gilbert,
Fechas asociadas al nombre 1913-1979
9 (RLIN) 39609
240 10 - TÍTULO UNIFORME
Título uniforme Les saints vont en enfer
Lenguaje de la obra Español.
245 10 - MENCIÓN DE TÍTULO
Título Los santos van al infierno /
Mención de responsabilidad, etc. Gilbert Cesbron ; traducción del francés por Tristán La Rosa.
250 ## - MENCIÓN DE EDICIÓN
Mención de edición 8a ed.
260 ## - PUBLICACIÓN, DISTRIBUCIÓN, ETC.
Lugar de publicación, distribución, etc. Barcelona, (Espana) :
Nombre del editor, distribuidor, etc. Ediciones Destino,
Fecha de publicación, distribución, etc. 1965.
300 ## - DESCRIPCIÓN FÍSICA
Extensión 297 ;
Dimensiones 19 cm.
490 1# - MENCIÓN DE SERIE
Mención de serie Áncora y Delfín
Designación de volumen o secuencia 77
534 ## - NOTA SOBRE LA VERSIÓN ORIGINAL
Encabezamiento principal del original Título original:
Mención de título del original Les saints vont en enfer
700 1# - PUNTO DE ACCESO ADICIONAL--NOMBRE DE PERSONA
Nombre de persona La Rosa, Tristán
Término indicativo de función/relación tr.
9 (RLIN) 52919
830 #0 - PUNTO DE ACCESO ADICIONAL DE SERIE-TÍTULO UNIFORME
Título uniforme Áncora y Delfín ;
Designación de volumen o secuencia 77
9 (RLIN) 5000
Holdings
Estado de retiro Estado de pérdida Restricciones de uso No para préstamo Código de colección Localización permanente Ubicación/localización actual Ubicación en estantería Fecha de adquisición Número de inventario Total de préstamos Signatura topográfica completa Código de barras Fecha visto por última vez Precio válido a partir de Tipo de ítem Koha
        Monografías: Libros y Folletos General General En catalogación 25.02.2011 LF1   NNN C421s, 1965 26015-10 25.06.2020 25.06.2020 Préstamo en sala

Powered by Koha